| 000 | 01062nmc a2200349 a 4500 | ||
|---|---|---|---|
| 003 | AR-BaBNM | ||
| 005 | 20251128210032.0 | ||
| 008 | 011101s1998 ||||||||||||||000 | spa|| | ||
| 020 | _a987-9191-20-x | ||
| 040 | _cAR-BaBNM | ||
| 100 | 1 | _aPrato, Norma Lidia | |
| 245 | 1 | 0 | _aAbordaje de la gramática desde una perspectiva psicolingüística |
| 250 | _a1ª ed. | ||
| 260 |
_aBuenos Aires _bEdiciones Novedades Educativas _c1998 |
||
| 300 | 0 |
_a141 p. _bil. |
|
| 490 | 0 | _aRecursos didácticos | |
| 500 | 0 | _aContiene apéndice: experiencia realizada en un colegio de Buenos Aires en 1987 y 1988 p. 117-141 | |
| 504 | _aContiene bibliografía p. 113-114 | ||
| 650 | 4 | _aPEDAGOGIA | |
| 650 | 4 | _aLENGUA | |
| 650 | 4 | _aLINGUISTICA | |
| 650 | 4 | _aPSICOLINGUISTICA | |
| 650 | 4 | _aENSENANZA DE LA ESCRITURA | |
| 650 | 4 | _aANALISIS LINGUISTICO | |
| 650 | 4 | _aCOMPETENCIAS | |
| 650 | 4 | _aACTIVIDADES DE APRENDIZAJE | |
| 653 | 0 | _aENSENANZA DE LA LENGUA | |
| 653 | 0 | _aNIVEL INICIAL | |
| 653 | 0 | _aPRIMER CICLO DE LA EGB | |
| 942 | _cBK | ||
| 998 | _cRaquel | ||
| 999 |
_c13794 _d13794 |
||